<?xml version="1.0" encoding="UTF-8"?>
<marc:record xmlns:marc="http://www.loc.gov/MARC21/slim">
   <marc:leader>00000nam a2200000 a 4500</marc:leader>
   <marc:datafield ind1="0" ind2="0" tag="245">
      <marc:subfield code="a">LebensReich</marc:subfield>
   </marc:datafield>
   <marc:datafield ind1="0" ind2="0" tag="245">
      <marc:subfield code="b">inspirierende Momente zwischen Jung &amp; Alt ; 70 Ideen für ein Miteinander der Generationen aus den Alten- und Pflegeheimen Niederösterreichs in Wort und Bild</marc:subfield>
   </marc:datafield>
   <marc:datafield ind1=" " ind2="1" tag="264">
      <marc:subfield code="a">Grafenwörth</marc:subfield>
      <marc:subfield code="b">Arbeitsgemeinschaft der Pensionisten- und Pflegeheime N</marc:subfield>
      <marc:subfield code="c">2012</marc:subfield>
   </marc:datafield>
   <marc:datafield ind1=" " ind2=" " tag="020">
      <marc:subfield code="a">9783200028234</marc:subfield>
      <marc:subfield code="9">9783200028234</marc:subfield>
   </marc:datafield>
</marc:record>
